000 00541nam a2200181Ia 4500
999 _c14384
_d14384
003 OSt
005 20201022113130.0
008 190216s9999||||xx |||||||||||||| ||und||
020 _a9780199552405
040 _coclc
082 _a878.0109
_bSEN/D
100 _aSeneca
_95758
245 0 _aDialogues And Essays /
_cSeneca ; John Davie ; Tobias Reinhardt
260 _bOxford University Press ,
_aNew York:
_c2008.
300 _a263p
650 _aEnglish-Essays
942 _cBK
_2ddc
_h878.0109
_iSEN/D
_k878.0109
_mSEN/D